| 000 | 01444cam a22002415a 4500 | ||
|---|---|---|---|
| 001 | 148523 | ||
| 008 | 080610s2008 xxk f 000 0 eng d | ||
| 020 | _a9780203932049 | ||
| 035 | _a(Sirsi) u148523 | ||
| 041 | 0 | _aeng | |
| 050 | 0 | 4 | _a690.837 |
| 100 | 1 | _aWilliams, Andrew R. | |
| 245 | 0 | 0 |
_aSpon's practical guide to alterations and extensions _h[electronic resource] |
| 250 | _a2nd ed. | ||
| 260 |
_aLondon _bSpon _c2008 |
||
| 300 | _aeBook | ||
| 520 | _aThis eBook discusses the procedures, the problems and pitfalls of extending or altering property are discussed. The author gives helpful advice on how to make the project go smoothly from beginning to end. This is a practical guide for those at the beginning of their career in building, or who want to be updated on the new regulations now in force. Fully updated, this new edition incorporates the 2005 Amendments to approved Document L1B on the conservation of fuel and power. Developments in Computer Aided Design and structural calculations are also discussed. This practical guide to altering or extending property is invaluable to all those who are trying to ensure that the processes involved are carried out efficiently and cost-effectively. | ||
| 650 | _aEBOOK | ||
| 651 | 4 | _aENGLAND AND WALES | |
| 690 | _aBUILT ENVIRONMENT-BUILDING COSTS | ||
| 856 | 4 | 8 |
_uhttps://www.vlebooks.com/ _zView on VLEbooks. Logins for members only from [email protected] |
| 942 | _n0 | ||
| 999 |
_c110083 _d110083 |
||